00350pab a2200145 454500008004000000100002000040245004400060260000900104300000900113362001000122650002600132650001600158650001800174773001200192180718b2002 xxu||||| |||| 00| 0 eng d aSingh, Joginder aThe Kafkaesque labyrinth of officialdom c2002 ap.6. a4 Mar aPublic administration aBureaucracy aCivil service aPioneer